000 00558nam a2200181Ia 4500
008 130318s9999 xx 000 0 und d
020 _a761996532
082 _a658.409 SAN/T
100 _aSanghi, Seema
245 _aTowards personal excellence: Psychometric tests and self-improvement techniques for managers
260 _bResponse Books
_aNew Delhi
_c2002
300 _a214
650 _aEXECUTIVE MANAGEMENT
650 _aMANAGEMENT-PSYCHOLOGICAL ASPECTS
650 _aMANAGEMENT-STUDY AND TEACHING
650 _aSELF-ACTUALIZATION
650 _aSUCEESS
999 _c637
_d637